[Event "Asia-ch Universities"]
[Site "Tagaytay City"]
[Date "2018.05.28"]
[Round "3"]
[White "Noguchi, Takaya"]
[Black "Concio, Michael Jr"]
[Result "0-1"]
[WhiteElo "1453"]
[BlackElo "1976"]
[PlyCount "82"]
[EventDate "2018.05.27"]
[EventType "swiss"]
[EventRounds "9"]
[EventCountry "PHI"]
[SourceTitle "EXT 2019"]
[Source "ChessBase"]
[SourceDate "2018.10.10"]
[SourceVersion "1"]
[SourceVersionDate "2018.10.10"]
[SourceQuality "1"]

1. e4 e5 2. Bc4 Nc6 3. Nf3 Bc5 4. c3 d6 5. Bb3 Nf6 6. d3 h6 7. Nbd2 0-0 8. Nf1 d5 9. Qe2 dxe4 10. dxe4 Ng4 11. Ne3 Nxe3 12. Bxe3 Bxe3 13. Qxe3 Qe7 14. 0-0 Be6 15. Bxe6 Qxe6 16. Qc5 Rfd8 17. Qb5 a6 18. Qb3 Qg6 19. Qxb7 Rdb8 20. Qxc7 Ra7 21. Nxe5 Rxc7 22. Nxg6 fxg6 23. b3 Ne5 24. c4 a5 25. f4 Nd7 26. e5 a4 27. Rab1 axb3 28. axb3 Nc5 29. b4 Ne4 30. Rfe1 Rxc4 31. b5 Nc3 32. Ra1 Nxb5 33. Rab1 Rcc8 34. e6 Nc7 35. Rbd1 Re8 36. Rd6 Re7 37. g4 Rf8 38. Re4 Rf6 39. Rd7 Rexe6 40. Rc4 Ne8 41. Rc8 Rxf4 0-1

[Event "Wch U18"]
[Site "Khanty-Mansiysk"]
[Date "2016.09.23"]
[Round "2"]
[White "Krykun, Yuriy"]
[Black "Noguchi, Takaya"]
[Result "1-0"]
[WhiteElo "2242"]
[BlackElo "1491"]
[PlyCount "52"]
[EventDate "2016.09.22"]
[EventType "swiss"]
[EventRounds "11"]
[EventCountry "RUS"]
[SourceTitle "EXT 2017"]
[Source "ChessBase"]
[SourceDate "2016.10.25"]
[SourceVersion "1"]
[SourceVersionDate "2016.10.25"]
[SourceQuality "1"]

1. Nf3 d5 2. d4 Nf6 3. c4 c6 4. Qb3 Nbd7 5. cxd5 cxd5 6. Nc3 Qb6 7. Bf4 a6 8. e3 Qxb3 9. axb3 Kd8 10. Ng5 Ke8 11. Nb5 axb5 12. Rxa8 Nb6 13. Bxb5+ Nfd7 14. Rb8 e6 15. Bxd7+ Kxd7 16. Nxf7 Rg8 17. Ke2 Be7 18. Rc1 Rf8 19. Rc7+ Ke8 20. Nd6+ Bxd6 21. Bxd6 Rf7 22. Rbxc8+ Nxc8 23. Rxc8+ Kd7 24. Rc7+ Ke8 25. Rxf7 Kxf7 26. Kd3 b5 1-0

[Event "Wch U18"]
[Site "Khanty-Mansiysk"]
[Date "2016.09.22"]
[Round "1"]
[White "Noguchi, Takaya"]
[Black "Bayramov, Zaur"]
[Result "0-1"]
[WhiteElo "1491"]
[BlackElo "2297"]
[PlyCount "55"]
[EventDate "2016.09.22"]
[EventType "swiss"]
[EventRounds "11"]
[EventCountry "RUS"]
[SourceTitle "EXT 2017"]
[Source "ChessBase"]
[SourceDate "2016.10.25"]
[SourceVersion "1"]
[SourceVersionDate "2016.10.25"]
[SourceQuality "1"]

1. e4 g6 2. d4 Bg7 3. Nc3 d6 4. Be3 Nc6 5. Qd2 e5 6. d5 Nce7 7. 0-0-0 a6 8. f3 f5 9. h4 Nf6 10. Bd3 0-0 11. Nh3 f4 12. Bf2 h6 13. Rdg1 Nh5 14. Ne2 c5 15. Qd1 b5 16. g4 fxg3 17. Nxg3 Nf4 18. Nxf4 exf4 19. Nf1 c4 20. Be2 Qa5 21. Kb1 Qb4 22. Qc1 c3 23. b3 Qa5 24. Nh2 Bd7 25. Rd1 Qc7 26. Bd4 Bxd4 27. Rxd4 Qc5 28. Rdd1 0-1